Statistics for Eminem - The Eminem Show tracks.

Click here to take the quiz!

General Stats

  • This quiz has been taken 186 times
  • The average score is 12 of 20

Answer Stats

Answer% Correct
Without Me
89%
White America
80%
Till I Collapse
78%
Business
76%
Cleanin' Out My Closet
76%
Sing For The Moment
74%
Soldier
73%
Superman
70%
Square Dance
68%
My Dad's Gone Crazy
64%
Hailie's Song
63%
Drips
62%
Curtains Up
54%
When The Music Stops
53%
Curtains Close
49%
Say Goodbye Hollywood
49%
The Kiss
49%
Say What You Say
46%
Paul Rosenberg
38%
Steve Berman
36%

Score Distribution

Percentile by Number Answered

Percent of People with Each Score

Your Score History

You have not taken this quiz